IFM Opac

Computer Aided Design: Software and Analytical Tools (Record no. 21546)

MARC details
000 -LEADER
fixed length control field 00554nam a22001937a 4500
005 - DATE AND TIME OF LATEST TRANSACTION
control field 20220810151501.0
008 - FIXED-LENGTH DATA ELEMENTS--GENERAL INFORMATION
fixed length control field 220810b |||||||| |||| 00| 0 eng d
020 ## - INTERNATIONAL STANDARD BOOK NUMBER
International Standard Book Number 1-84265-126-9
082 ## - DEWEY DECIMAL CLASSIFICATION NUMBER
Classification number 005.42
100 ## - MAIN ENTRY--PERSONAL NAME
Personal name Krishnamoorthy, C. S.
245 ## - TITLE STATEMENT
Title Computer Aided Design: Software and Analytical Tools
250 ## - EDITION STATEMENT
Edition statement 2nd ed.
260 ## - PUBLICATION, DISTRIBUTION, ETC.
Place of publication, distribution, etc. Harrow
Name of publisher, distributor, etc. Alpha Science International Ltd.
Date of publication, distribution, etc. 2005
300 ## - PHYSICAL DESCRIPTION
Extent ix, 374p.: ill.; 25cm
500 ## - GENERAL NOTE
General note Includes References and Index
700 ## - ADDED ENTRY--PERSONAL NAME
Personal name Rajeev, S.
700 ## - ADDED ENTRY--PERSONAL NAME
Personal name Rajaraman, A.
942 ## - ADDED ENTRY ELEMENTS (KOHA)
Source of classification or shelving scheme Dewey Decimal Classification
Koha item type Books
Suppress in OPAC No
Holdings
Withdrawn status Lost status Source of classification or shelving scheme Damaged status Not for loan Collection code Home library Current library Shelving location Date acquired Source of acquisition Full call number Barcode Date last seen Price effective from Koha item type
    Dewey Decimal Classification     Non-fiction IFM Main Campus Library IFM Main Campus Library General Collection 08/10/2022 Purchase 005.428 KRI 0000018105 08/10/2022 08/10/2022 Books